| 000 | 01100nam a2200325 i 4500 | ||
|---|---|---|---|
| 003 | DO-SdBNP | ||
| 005 | 20260116073831.0 | ||
| 007 | ta | ||
| 008 | 250220s2010 dr a 000 0 spa d | ||
| 020 | _a9789945469141 | ||
| 040 |
_aDO-SdBNP _bspa _cBNPHU _erda |
||
| 041 | _aspa | ||
| 082 | 4 |
_axxxx _bR457 _222 |
|
| 100 | 1 |
_aReyes Peña, Víctor Manuel, _d1960- _eautor _4aut. _970031 |
|
| 242 | _a | ||
| 245 | 1 | 3 |
_aLa política embroma / _cVíctor Reyes ; prólogo, Freddy Beras Goico. |
| 264 | 1 |
_aSanto Domingo, República Dominica : _bEditora Ortega, _c2010. |
|
| 300 |
_a138 páginas : _bilustraciones ; _c21 cm. |
||
| 336 |
_atexto _btxt _2rdacontent |
||
| 337 |
_asin mediación _bn _2rdamedia |
||
| 338 |
_avolumen _bnc _2rdacarrier |
||
| 500 | _aIncluye datos biográficos del autor en la solapa de la portada. | ||
| 590 | _aInventariado, 2025/ YL | ||
| 650 | 0 |
_aAutoestima _9212 |
|
| 650 | 7 |
_aAutorrealización (Psicología) _9211 |
|
| 650 | 7 | _aConducta (Ética) | |
| 700 | 1 |
_aBeras Goico, Freddy, _d1940-2010 _eprologuista _4pr. _912228 |
|
| 910 | _aYLockward | ||
| 942 |
_2ddc _cLBS1 |
||
| 999 |
_c58149 _d58149 |
||